Islamic patterns: an analytical and cosmological approach

I tiakina i:
Ngā taipitopito rārangi puna kōrero
Kaituhi matua: Critchlow, Keith (Author)
Hōputu: Pukapuka
Reo:Ingarihi
I whakaputaina: Nueva York Inner Traditions 1999
Putanga:1a. ed
Rangatū:Art-Islam
Ngā marau:
Ngā Tūtohu: Tāpirihia he Tūtohu
Kāore He Tūtohu, Me noho koe te mea tuatahi ki te tūtohu i tēnei pūkete!

MARC

LEADER 00000cam a2200000 a 4500
001 UCF2944
003 CL-VaPUC
008 120914e19990000US |||||||||||||||||eng|d
020 |a 9780892818037 
082 0 4 |a 745.44917671  |b CRI  |2 21 
100 0 |a Critchlow, Keith  |e author  |9 564812 
245 1 0 |a Islamic patterns: an analytical and cosmological approach 
250 |a 1a. ed 
300 |a 192 p 
942 |c BK 
945 |d 20120914 00:00:00  |a cmena 
260 |a Nueva York  |b Inner Traditions  |c 1999 
650 0 |a Arte islámico (musulmán)  |9 314239 
650 0 |a Simbolismo en el arte  |9 265074 
650 0 |a Matemática  |9 260235 
583 |a last modification  |c 20120914 00:13:00  |k Rodrigo Vera 
490 0 |a Art-Islam 
999 |c 349482  |d 349480 
952 |0 0  |1 0  |4 0  |6 745_449176710000000_CRI_1999  |7 0  |8 A  |9 452108  |a BIBGIM  |b BIBGIM  |d 2019-11-22  |i 4909690  |o 745.44917671 CRI 1999  |p 4909690  |r 2025-01-15  |w 2019-11-22  |y BK  |k ARA